Power 5 College Football Cities - Statistics

General Stats
  • This quiz has been taken 85 times
  • The average score is 51 of 69
Answer Stats
Hint Answers % Correct
Florida State Tallahassee, FL
91%
Cincinnati Cincinnati, OH
89%
Houston Houston, TX
89%
Alabama Tuscaloosa, AL
89%
LSU Baton Rouge, LA
88%
Colorado Boulder, CO
88%
Louisville Louisville, KY
88%
Michigan Ann Arbor, MI
86%
Georgia Tech Atlanta, GA
86%
Texas Austin, TX
86%
North Carolina Chapel Hill, NC
86%
Clemson Clemson, SC
86%
UCLA Los Angeles, CA
86%
USC Los Angeles, CA
86%
Pittsburgh Pittsburgh, PA
86%
Syracuse Syracuse, NY
85%
Auburn Auburn, AL
83%
Ohio State Columbus, OH
83%
Florida Gainesville, FL
83%
Nebraska Lincoln, NE
83%
Utah Salt Lake City, UT
83%
Georgia Athens, GA
82%
Tennessee Knoxville, TN
82%
Vanderbilt Nashville, TN
82%
Duke Durham, NC
80%
Washington Seattle, WA
80%
SMU Dallas, TX
78%
Oregon Eugene, OR
78%
Wisconsin Madison, WI
78%
NC State Raleigh, NC
78%
Texas A&M College Station, TX
77%
Missouri Columbia, MO
77%
South Carolina Columbia, SC
77%
Arizona Tucson, AZ
77%
California Berkeley, CA
75%
Kentucky Lexington, KY
75%
Baylor Waco,TX
75%
Indiana Bloomington, IN
74%
Minnesota Minneapolis, MN
74%
UCF Orlando, FL
74%
BYU Provo, UT
74%
Penn State State College, PA
74%
Arkansas Fayetteville, AR
72%
Michigan State East Lansing, MI
71%
Iowa State Ames, IA
69%
Virginia Tech Blacksburg, VA
69%
Iowa Iowa City, IA
69%
Oklahoma Norman, OK
69%
Ole Miss Oxford, MS
69%
West Virginia Morgantown, WV
68%
Virginia Charlottesville, VA
66%
TCU Fort Worth, TX
66%
Texas Tech Lubbock, TX
66%
Arizona State Tempe, AZ
66%
Wake Forest Winston-Salem, NC
66%
Illinois Champaign, IL
65%
Miami(FL) Coral Gables, FL
65%
Oklahoma State Stillwater, OK
65%
Kansas Lawrence, KS
63%
Maryland College Park, MD
62%
Kansas State Manhattan, KS
62%
Oregon State Corvallis, OR
60%
Mississippi State Starkville, MS
60%
Stanford Palo Alto, CA
58%
Rutgers New Brunswick, NJ
54%
Purdue West Lafayette, IN
52%
Boston College Chestnut Hill, MA
51%
Washington State Pullman, WA
51%
Northwestern Evanston, IL
49%
No matching quizzes found
Score Distribution
Percent of People with Each Score
Percentile by Number Answered
Your Score History
You have not taken this quiz